000 01001nac a22003011i 4500
003 EG-ScBUE
005 20260421105148.0
008 260421s1977 enkab f b 000 0 eng d
020 _a0002194775
040 _aEG-ScBUE
_beng
_erda
_cEG-ScBUE
_dEG-ScBUE
082 0 4 _a574.941
_bPEA
_222
100 1 _aPearsall, William Haro,
_eauthor.
245 1 0 _aMountains and moorlands /
_cW. H. Pearsall.
250 _aReprint edition.
264 1 _aLondon :
_bCollins,
_c1977.
300 _axv, 312 pages :
_billustrations (some color), maps ;
_c23 cm.
336 _2rdacontent
_atext
_btxt
337 _aunmediated
_2rdamedia
_bn
338 _avolume
_bnc
_2rdacarrier
490 0 _aThe New naturalist
504 _aIncludes bibliographical references.
650 7 _aNatural history
_zGreat Britain.
_2BUEsh
650 7 _aMountain plants
_zGreat Britain.
_2BUEsh
650 7 _aMoors (Wetlands)
_2BUEsh
650 7 _aMountain ecology
_zGreat Britain.
_2BUEsh
655 _vReading book
942 _cBB
_2ddc
999 _c9116
_d9116